Types of judicial responses to juvenile delinquency

Saved in:  
Bibliographic Details
Main Author: Wenhong, Shao (Author)
Format: Print Article
Language:English
Published: 1998
In: Young offenders and their families - the human rights issue
Year: 1998, Pages: 114-117
Check availability: HBZ Gateway
Keywords:

MARC

LEADER 00000caa a22000002c 4500
001 1525974912
003 DE-627
005 20220604105017.0
007 tu
008 160223s1998 xx ||||| 00| ||eng c
020 |a 3930982315 
035 |a (DE-627)1525974912 
035 |a (DE-576)455974918 
035 |a (DE-599)BSZ455974918 
040 |a DE-627  |b ger  |c DE-627  |e rakwb 
041 |a eng 
100 1 |a Wenhong, Shao  |4 aut 
245 1 0 |a Types of judicial responses to juvenile delinquency  |c Shao Wenhong 
264 1 |c 1998 
336 |a Text  |b txt  |2 rdacontent 
337 |a ohne Hilfsmittel zu benutzen  |b n  |2 rdamedia 
338 |a Band  |b nc  |2 rdacarrier 
773 0 8 |i In  |t Young offenders and their families - the human rights issue  |d Mönchengladbach : Forum-Verl. Godesberg, 1998  |g (1998), Seite 114-117  |h 245 S.  |w (DE-627)113863445X  |w (DE-576)068634455  |z 3930982315  |7 nnam 
773 1 8 |g year:1998  |g pages:114-117 
935 |a mkri 
951 |a AR 
ELC |b 1 
LOK |0 000 xxxxxcx a22 zn 4500 
LOK |0 001 2899466097 
LOK |0 003 DE-627 
LOK |0 004 1525974912 
LOK |0 005 20260120135151 
LOK |0 008 160208||||||||||||||||ger||||||| 
LOK |0 040   |a DE-21-110  |c DE-627  |d DE-21-110 
LOK |0 689   |a s  |a Jugenddelinquenz 
LOK |0 689   |a s  |a Reaktionsform 
LOK |0 852   |a DE-21-110 
LOK |0 852 1  |m p  |9 00 
LOK |0 935   |a k110 
LOK |0 938   |k p 
LOK |0 939   |a 08-02-16  |b l01 
ORI |a SA-MARC-krimdoka001.raw